L'Inde... ou l'Indre ? - Statistiques

Statistiques générales
  • Ce quiz a été pris 11 036 fois
  • Le résultat moyen est 8 sur 15
Statistiques - réponses
Question Réponse % Correct
A la densité de population la plus forte L'Inde
96%
A le point culminant le plus élevé L'Inde
90%
Voit sa population diminuer depuis les années 1990 L'Indre
89%
Possède au moins un site inscrit au patrimoine mondial de l'UNESCO Les deux
68%
Est lié à George Sand L'Indre
61%
A été sous domination anglaise Les deux
52%
Est frontalier de 6 entités qui lui sont équivalentes (6 pays ou 6 départements) Les deux
51%
Est le plus ancien tel qu'on le conçoit aujourd'hui L'Indre
51%
A la part de ses emplois la plus élevée dans l'agriculture L'Inde
47%
A le nombre de vaches par habitant le plus élevé en 2020 L'Indre
43%
A déjà accueilli la Flamme Olympique Les deux
33%
Protège la tortue cistude L'Indre
29%
Tire son nom d'un cours d'eau Les deux
28%
Possède une rue Romain Rolland Les deux
23%
Est traversé par au moins un fleuve L'Inde
15%
Aucun quiz correspondant
Distribution des résultats
% des personnes avec chaque résultat
Percentile par nombre de réponses
Votre historique - résultats
Vous n’avez pas pris ce quiz